| 000 -Etiqueta do registo | |
|---|---|
| campo de controlo de comprimento fixo | 007160000a22002170004500 |
| 001 - Identificador do registo | |
| Campo de controlo | 4348 |
| 100 ## - Dados Gerais de Proc. | |
| Dados gerais de processamento | 20000927d1988 k y0pory5003 ba |
| 101 1# - Língua da publicação | |
| Língua do texto, banda sonora, etc. | Português |
| Língua do documento no original | Alemão |
| 102 ## - País de Publicação | |
| País de publicação | Portugal |
| 200 1# - Título | |
| Título próprio | O valente soldado Chveik |
| Primeira menção de responsabilidade | Jaroslav Hasek |
| Outras menções de responsabilidade | trad. Alexandre Cabral |
| 205 ## - Menção da edição | |
| Menção da edição | 2ª ed |
| 210 ## - Publicação, Distribuição | |
| Lugar da edição, distribuição, etc. | Mem Martins |
| Nome do editor, distribuidor, etc. | Europa-América |
| Data da publicação, distribuição, etc. | D.L. 1988 |
| 215 ## - Descrição física | |
| Descrição física | 192 p |
| 225 2# - Colecção | |
| Título próprio da colecção | Livros de bolso Europa-América |
| Indicação de volume | 8 |
| 300 ## - Notas gerais | |
| Texto da nota | Tít. orig. : Die abenteuer des braven soldaten Shveik |
| 675 ## - CDU | |
| Notação | 821.162.3-31"18/19" |
| Edição | BN |
| Língua da edição | Português |
| 700 #1 - Responsabilidade principal | |
| Koha Internal Code | 23976 |
| Palavra de ordem | Hasek |
| Outra parte do nome | Jaroslav |
| 702 #1 - Responsabilidade secundária | |
| Koha Internal Code | 11711 |
| Código de função | Tradutor |
| Palavra de ordem | Cabral |
| Outra parte do nome | Alexandre |
| Elementos de identificação ou distinção | pseud. |
| 090 ## - Números de controlo do sistema (Koha) | |
| Número biblioitem do Koha (gerado automaticamente) | 4348 |
| 942 ## - Elementos de entrada adicionados (Koha) | |
| Tipo de item no Koha | Monografias |
| Suprimido | Disponível no OPAC |
| 999 ## - Campo local | |
| Campo local | 4348 |
| Removido (estado) | Perdido (estado) | Data de aquisição | Origem do registo (biblioteca) (codificado) | Código da organização que empresta ou é detentora (biblioteca) | Código de barras | Local | Fundo / Espólio | Número de inventário | Cota | Tipo de circulação (não pode ser emprestado) | Tipo de item e material |
|---|---|---|---|---|---|---|---|---|---|---|---|
| Disponível | Disponível | 2000-09-27 | Biblioteca Municipal Álvaro de Campos | Biblioteca Municipal Álvaro de Campos | BMTAV15785 | Depósito | Biblioteca Fixa n.º 8 - F.C. Gulbenkian | 15785 | R7 HAS-D | Normal | Monografias |